Baby Names: Old-Fashioned Quiz Stats

 Plays Quiz Updated Oct 13, 2016

Challenge
Share
Tweet
Embed
Score 0/38 Timer 10:00
1 Play Today
1900-50 Peak (Years) Name % Correct
Girl #1 (1900-46)Mary
65.7%
Boy #4 (1900-11*)George
48.1%
Girl #3 (1905-11)Margaret
46.1%
Girl #5 (1948-50)Susan
42.7%
Boy #8 (1900-11)Frank
40.3%
Girl #4 (1941)Carol
37.7%
Girl #2 (1928-34)Betty
37.1%
Girl #2 (1937-44)Barbara
35.9%
Boy #5 (1930-47)Richard
34.8%
Boy #8 (1912-23)Edward
34.6%
Girl #2 (1900-19)Helen
34.1%
Girl #1 (1947-50)Linda
32.7%
Girl #3 (1937-50*)Patricia
32.6%
Girl #4 (1908-09)Ruth
32.5%
Girl #5 (1931-33)Joan
32.1%
Girl #2 (1920-27)Dorothy
31.3%
Girl #6 (1950)Nancy
29.4%
Girl #8 (1918)Frances
29.2%
Girl #8 (1906)Alice
29%
1900-50 Peak (Years) Name % Correct
Boy #6 (1934)Donald
28.8%
Girl #7 (1901-04*)Marie
27%
Boy #9 (1941-43)Ronald
26%
Girl #8 (1900)Ethel
24.5%
Girl #7 (1950)Deborah
23.8%
Girl #10 (1947)Donna
22.2%
Boy #10 (1914)Walter
21.2%
Girl #6 (1929)Doris
20.7%
Girl #6 (1912-20*)Mildred
20.6%
Girl #5 (1947)Sandra
19.7%
Girl #4 (1940)Judith
19%
Girl #8 (1943-45*)Sharon
18.5%
Boy #10 (1947-49*)Larry
17.4%
Boy #10 (1950)Gary
16.8%
Girl #2 (1935-36)Shirley
16.5%
Girl #10 (1942)Carolyn
16.2%
Girl #9 (1949)Kathleen
15.8%
Girl #7 (1900-02*)Florence
15.5%
Girl #6 (1921)Virginia
14.3%

You're not logged in!

Compare scores with friends on all Sporcle quizzes.
OR
Log In

You Might Also Like...

Show Comments

Extras

Top Quizzes Today


Score Distribution

Your Account Isn't Verified!

In order to create a playlist on Sporcle, you need to verify the email address you used during registration. Go to your Sporcle Settings to finish the process.

Report this User

Report this user for behavior that violates our Community Guidelines.

Details: